| 000 | 00685nam a2200229 a 4500 | ||
|---|---|---|---|
| 005 | 20140310183451.0 | ||
| 008 | 090119s19uu xx 00 eng d | ||
| 020 | _a97814221126004 | ||
| 050 |
_aHD 58.82 _b.Ar739 2008 |
||
| 100 | _aArgyris, Chris | ||
| 245 |
_aTeaching smart people how to learn. / _cChris Argyris |
||
| 260 |
_aBoston, MA : _bHarvard Business Press, _c2008. |
||
| 300 |
_a90 p. : _c17 cm. |
||
| 440 | _aHarvard Business Review Classics | ||
| 521 | _aBSBA | ||
| 650 | _aBSBA. | ||
| 650 |
_aOrganizational learning _xPsychological aspects. |
||
| 650 | _aDefensiveness (Psychology). | ||
| 650 | _aSelf-evaluation. | ||
| 942 |
_cBK _2lcc _kFOR |
||
| 999 |
_c23413 _d23413 |
||